000 00965nam a2200277 i 4500
003 OSt
005 20210818181451.0
008 161005s2005 ck a br 000 1 spa d
020 _a9583019089
040 _bspa
_aCOMFC
_erda
041 _aspa
100 1 _949051
_aFonseca Leal, Mireya
_eadp
245 1 _aEco
_bel sonido del amor. Mito griego
_cAdaptación de Mireya Fonseca Leal ; ilustraciones Victoria Eugenia Acosta
264 0 1 _aBogotá
_bPanamericana Editorial
_c2005
300 _a32 páginas
_bilustraciones
_c20 cm
336 _2rdacontent
_atxt
337 _2rdamedia
_an
338 _2rdacarrier
_anc
490 _aMitos para niños
700 1 _948994
_aAcosta, Victoria Eugenia
_eill
082 0 4 _a863.6
_bF676e
650 0 _912696
_aEco
_xLiteratura Infantil
650 0 _939337
_aMitologia Griega
_xLiteratura Infantil
650 0 _912071
_aDioses
_xLiteratura Infantil
942 _2ddc
_h863.6 F676e
_k863.6
_mF676e
999 _c10650
_d10650